000 00591cam a22002053a 4500
001 35723
003 PGUSA
005 20140828083752.0
008 110330s2011||||xxu|||||s|||||000 | eng d
040 _aPGUSA
_beng
042 _adc
100 1 _aPont-Jest, René de
245 1 0 _aArtist and Model :
_b(The Divorced Princess)
_h[electronic resource] /
_cRené de Pont-Jest
260 _bProject Gutenberg,
_c2011
506 _aPublic domain in the USA.
516 _aElectronic text
830 0 _aProject Gutenberg
_v35723
856 4 0 _uhttp://www.gutenberg.org/ebooks/35723
942 _cEB
999 _c264978
_d264978